MARC

LEADER 00000nam0a2200000 4500
001 287589
005 20231102000014.0
020 |a RU  |b 85-76303 
035 |a (RuTPU)RU\TPU\book\311999 
090 |a 287589 
100 |a 20150317d1985 km y0rusy5003 ca 
101 0 |a rus 
102 |a RU 
105 |a a z 001zy 
200 1 |a Рабочий и инженер. Социальные факторы эффективности труда  |f под ред. О. И. Шкаратана 
210 |a Москва  |c Мысль  |d 1985 
215 |a 271 с.  |c ил. 
300 |a Авт. указаны на 9-й с. 
320 |a Библиогр.: с. 259-269 
606 1 |a Профессии и виды труда  |2 stltpush  |3 (RuTPU)RU\TPU\subj\36808  |9 58052 
606 1 |a Социология труда  |2 stltpush  |3 (RuTPU)RU\TPU\subj\37947  |9 58700 
610 1 |a промышленные предприятия 
610 1 |a экономическая эффективность 
610 1 |a социальные проблемы 
610 1 |a социальные факторы 
610 1 |a рабочие 
610 1 |a инженеры 
610 1 |a профессиональная квалификация 
610 1 |a математическое моделирование 
610 1 |a ИТР 
610 1 |a профессиональная патология 
610 1 |a профессиональная ориентация 
686 |a У9(2)240.2  |2 rubbk 
686 |a С55.44  |v LBC/SL-A  |2 rubbk 
702 1 |a Шкаратан  |b О. И.  |g Овсей Ирмович  |4 340 
801 0 |a RU  |b RuMRKP  |c 19950704  |g psbo 
801 1 |a RU  |b 63413507  |c 20150317 
801 2 |a RU  |b 63413507  |c 20170704  |g RCR 
942 |c BK